Регионална библиотека "Любен Каравелов" - Русе

Корабите (Запис номер 12626)

MARC детайли
000 -Лидер
Контролно поле с фиксирана дължина 01448nam a2200349 c 4500
003 - Код на организацията, давaща контролен номер
Контролно поле BLK
005 - Дата и час на последна редакция
Контролно поле 20180420214755.0
008 - Елементи от данни с фиксирана дължина
fixed length control field 180412b bul|||||r ||||||| ||bul||
010 ## - Наследен системен номер
LC control number KNG00014236000
020 ## - Международен стандартен номер на книга ISBN
Международен стандартен номер на книга ISBN 954-8163-62-4
-- издат.: Литера Прима - на том(т. 4)
040 ## - Източник на каталожния запис
Идентификатор на билиотеката - собственик на записа BLK
041 ## - Код за език
Код за езика на текст/звукозапис или на отделно заглавие Български
Код за езика КДБФ Български
080 ## - УДК
Текстов определител УДК Средства на водния транспорт. Плавателни съдове. Корабостроене
УДК код - определител по УДК 629.12
УДК определител
УДК - код + определител 629.12
100 1# - Редна дума - Автор
Автор Чонев, Чони
Авторска отговорност първи автор
R(LIN) 252230
139 ## - Редно поле
Редна дума Чонев, Чони
Авторски знак Чом - Ч 91
245 10 - Сведения за заглавието
Заглавие Корабите
Подзаглавни данни Научнопопул. четиво : T. 1 -
Редно поле (дума) Чони Чонев.
Том Т. 4
Заглавие на том Векът на новите технологии
257 ## - Страна на издаване
Страна на създаване/издаване България
260 ## - Област на издателските данни
-- София
Година на издаване 1995 -
300 ## - Физическа характеристика
Размери/Мащаб 23 см
380 ## - Жанр
Жанр Техника
504 ## - Забележка за наличие на библиография и др
Забележка за наличие на библиография и под. 364-365
650 #4 - Допълнително описание по предмет – тема
Основно описание – тема или топоним Кораби
9 (RLIN) 159349
650 #4 - Допълнително описание по предмет – тема
Основно описание – тема или топоним Корабоплаване
9 (RLIN) 159415
650 #4 - Допълнително описание по предмет – тема
Основно описание – тема или топоним Корабостроене
9 (RLIN) 159429
653 ## - Ключова дума – ненормативна
Ключова дума корабостроене
760 1# - Описание на основната серия
-- - на том(т. 4)
Редна дума на основното описание Чонев, Чони
Място на издаване, издател и година Литера Прима, 1996
Страници - том 368 с. : с ил., сх., табл.
Забележка - том Библиогр. с. 364-365 ; Азб. указ. на типовите кораби
Заглавие Т. 4 Векът на новите технологии
852 ## - Местоположение
Форматна сигнатура Цб 183444
856 4# - Електронен адрес и достъп
Електронен формат pdf - файл
Път до файла /url/
856 4# - Електронен адрес и достъп
Електронен формат pdf - файл
Път до файла /url/
942 ## - АРТИКУЛИ
Вид на библиотечния материал Книги
Скрит в OPAC Не
944 ## - СЪЗДАВАНЕ И РЕДАКЦИЯ на ЗАПИСА
Създаване/Редакция Създаване
Дата на регистрацията/редакция 15.01.2003
Служител, извършил регистрацията/редакцията Кети_Илиева
944 ## - СЪЗДАВАНЕ И РЕДАКЦИЯ на ЗАПИСА
Създаване/Редакция Редакция
Дата на регистрацията/редакция 17.09.2011
Служител, извършил регистрацията/редакцията
999 ## - СИСТЕМНИ КОНТРОЛНИ НОМЕРА
Koha biblionumber 12626
Koha biblioitemnumber 12626
Наличности
Код за отписване Код за изгубен артикул Източник на класификационната схема Код за повреда Коз за рестрикции Код за отдаване Артикулен № Име на библиотеката - собственик Име на библиотеката, в която се намира в момента Статус (Текущо местоположение) Дата на вписване в системата Местоположение - отдел Цена в лева Инвентарен номер Систематично азбучна сигнатура Баркод Номер на екземпляра Цена в евро Служебна бележка Служебен тип на артикула
  Не е изгубен Universal Decimal Classification Не е повреден без рестрикции ползва се в читалня 21806 Регионална библиотека "Любен Каравелов" Русе Регионална библиотека "Любен Каравелов" Русе Хранилище 2001-01-01 Хранилище 3.00 626714 Цб 183444 120000626714 1 1.53 Дост: Dp Вид: Д N: 36 Дата: 01.01.1996 Книги
  Не е изгубен Universal Decimal Classification Не е повреден без рестрикции ползва се в читалня 21807 Регионална библиотека "Любен Каравелов" Русе Регионална библиотека "Любен Каравелов" Русе Читалня 1996-01-01 Читалня 8.00 637231 Ч 629.12/Ч 91 120000637231 2 4.09 Дост: Pk Вид: Ф N: стар фонд Дата: 01.01.1996 Дата инв: 24.03.2017 Бележки инв: Ч2017 Книги
Vip Innovations Ltd, Rousse, Bulgaria 2025